<The> Most common online marketing tools
Enregistré dans:
| Auteur principal: | |
|---|---|
| Format: | Chapitre de livre |
| Langue: | anglais |
| Sujets: | |
| Tags: |
Pas de tags, Soyez le premier à ajouter un tag!
|
MARC
| LEADER | 00000nla a2200000 4500 | ||
|---|---|---|---|
| 001 | 0199402 | ||
| 005 | 20240502073356.9 | ||
| 041 | 0 | |a eng | |
| 044 | |a SK | ||
| 245 | 1 | 0 | |a <The> Most common online marketing tools |c Jamal Hasan |
| 610 | 2 | 0 | |a marketing elektronický |
| 610 | 2 | 0 | |a komunikácia marketingová |
| 610 | 2 | 0 | |a internet |
| 610 | 2 | 0 | |a stránky webové |
| 610 | 2 | 0 | |a nástroje marketingové |
| 610 | 2 | 0 | |a siete sociálne |
| 610 | 2 | 0 | |a firmy |
| 100 | 1 | |a Hasan, Jamal | |